000 00638nam a2200217 a 4500
001 2938
005 20140414131931.0
008 051130s19uu xx 00 eng d
020 _a0-7534-0505-9
050 _aREF 591.52
_bC37 1996
100 _aCharman, Andrew
245 _aThe Dodo is dead :
_band other questions about extinct and endangered animals /
_cAndrew Charman.
260 _aLondon :
_bKingfisher,
_c2002.
300 _a32 p. ; cm.
440 _aI wonder why series
500 _aIncludes index.
650 _aEndangered species.
650 _aExtinct animals.
650 _aQuestions and answers.
999 _c112211
_d112211